[Event "Binhai Cup-B 4th"]
[Site "Binhai"]
[Date "2024.08.20"]
[Round "4"]
[White "Sun, Jihan"]
[Black "Zhu, Chenxi"]
[Result "1-0"]
[WhiteElo "1808"]
[BlackElo "1655"]
[PlyCount "109"]
[EventDate "2024.08.18"]
[EventType "swiss"]
[EventRounds "9"]
[EventCountry "CHN"]
[SourceTitle "CBM 221 Extra"]
[Source "ChessBase"]
[SourceDate "2024.09.30"]
[SourceVersion "1"]
[SourceVersionDate "2024.09.30"]
[SourceQuality "1"]

1. e4 c5 2. Nf3 d6 3. d4 cxd4 4. Nxd4 Nf6 5. Nc3 a6 6. g3 e5 7. Nde2 Be7 8. Bg2 b5 9. 0-0 Bb7 10. h3 h5 11. Be3 Nbd7 12. a4 b4 13. Nd5 Nxd5 14. exd5 a5 15. c3 Ba6 16. cxb4 axb4 17. Re1 0-0 18. Rc1 Qa5 19. b3 Rfc8 20. f4 Bf6 21. Be4 Nc5 22. Bf5 Rc7 23. fxe5 Bxe5 24. Kg2 g6 25. Bc2 Rac8 26. Nd4 Nd3 27. Bxd3 Rxc1 28. Bxc1 Qxd5+ 29. Qf3 Qxf3+ 30. Nxf3 Bxd3 31. Nxe5 dxe5 32. Kf3 Rc3 33. Bd2 e4+ 34. Kf4 Rxb3 35. Rc1 Kg7 36. Rc7 Kf6 37. Rc6+ Kg7 38. Be3 Bb1 39. h4 f6 40. Rc1 Kh6 41. a5 Bd3 42. Rc6 Rb1 43. Rxf6 Kg7 44. Kg5 Ra1 45. Bd4 Ra4 46. a6 b3 47. a7 Rxa7 48. Ra6+ Kg8 49. Rxa7 e3 50. Re7 e2 51. Kf6 Bb5 52. Bc3 Kf8 53. Re3 Bc4 54. Kxg6 Bd3+ 55. Kxh5 1-0

[Event "CHN-chT Div-B"]
[Site "Binhai"]
[Date "2024.08.17"]
[Round "9.5"]
[White "Sun, Jihan"]
[Black "Wu, Shuang1"]
[Result "1-0"]
[WhiteElo "1808"]
[BlackElo "1722"]
[PlyCount "94"]
[EventDate "2024.08.12"]
[EventType "team-swiss"]
[EventRounds "9"]
[EventCountry "CHN"]
[SourceTitle "CBM 221 Extra"]
[Source "ChessBase"]
[SourceDate "2024.09.30"]
[SourceVersion "1"]
[SourceVersionDate "2024.09.30"]
[SourceQuality "1"]
[WhiteTeam "Hangzhou Chess Assoc"]
[BlackTeam "Heilongjiang Beifang"]
[WhiteTeamCountry "CHN"]
[BlackTeamCountry "CHN"]

1. e4 c5 2. Nf3 g6 3. d4 cxd4 4. Nxd4 Bg7 5. c4 Nc6 6. Be3 Nf6 7. Nc3 b6 8. Be2 Bb7 9. f3 0-0 10. 0-0 Nxd4 11. Bxd4 Nh5 12. Bxg7 Nxg7 13. f4 Rc8 14. b3 d6 15. Qd2 f5 16. Bf3 fxe4 17. Bxe4 Bxe4 18. Nxe4 Qe8 19. Rae1 Qc6 20. Ng5 Rce8 21. Ne6 Nxe6 22. Rxe6 Qc5+ 23. Kh1 b5 24. cxb5 Qxb5 25. Rfe1 Rf6 26. Qe3 Rxe6 27. Qxe6+ Kg7 28. h3 Qc5 29. Rf1 Qf5 30. Qe3 a5 31. Qd4+ Qf6 32. Qd5 e5 33. Qxa5 exf4 34. Qa4 Rf8 35. Qe4 g5 36. a4 Qh6 37. Qd4+ Kg8 38. Qd5+ Kg7 39. Qf3 Rd8 40. Qb7+ Kf8 41. a5 g4 42. Qe4 gxh3 43. Rxf4+ Kg8 44. Rg4+ Kf7 45. Qd5+ Kf6 46. Qf3+ Ke6 47. Re4+ Kd5 1-0

[Event "Daqing Boyi Cup-B"]
[Site "Daqing"]
[Date "2024.07.14"]
[Round "4"]
[White "Sun, Jihan"]
[Black "Cui, Ankai"]
[Result "1/2-1/2"]
[WhiteElo "1804"]
[BlackElo "1537"]
[PlyCount "76"]
[EventDate "2024.07.13"]
[EventType "swiss"]
[EventRounds "9"]
[EventCountry "CHN"]
[SourceTitle "CBM 221 Extra"]
[Source "ChessBase"]
[SourceDate "2024.09.30"]
[SourceVersion "1"]
[SourceVersionDate "2024.09.30"]
[SourceQuality "1"]

1. e4 d6 2. d4 Nf6 3. Nc3 g6 4. f4 Bg7 5. Nf3 0-0 6. Be2 c5 7. 0-0 cxd4 8. Nxd4 Nc6 9. Be3 Bd7 10. Kh1 Rc8 11. Bf3 a6 12. Rc1 Qa5 13. Re1 b5 14. Nd5 Nxd5 15. exd5 Nxd4 16. Bxd4 Bxd4 17. Qxd4 Rc4 18. Qe3 Re8 19. a3 Bf5 20. c3 Qd8 21. b3 Rc5 22. c4 e5 23. dxe6 Rxe6 24. Qd4 bxc4 25. bxc4 Rxe1+ 26. Rxe1 Be6 27. Bd5 Bxd5 28. cxd5 Rc8 29. f5 Qg5 30. fxg6 hxg6 31. h3 Rc1 32. Rd1 Rxd1+ 33. Qxd1 Qe5 34. Qd3 Qe1+ 35. Kh2 Qe5+ 36. Kg1 Qe1+ 37. Kh2 Qe5+ 38. Kg1 Qe1+ 1/2-1/2

[Event "CHN-ch Gp-B (Women)"]
[Site "Liaocheng"]
[Date "2024.04.26"]
[Round "11"]
[White "Sun, Jihan"]
[Black "Tong, Yiyi"]
[Result "1-0"]
[WhiteElo "1781"]
[BlackElo "1591"]
[PlyCount "125"]
[EventDate "2024.04.21"]
[EventType "swiss"]
[EventRounds "11"]
[EventCountry "CHN"]
[SourceTitle "CBM 219 Extra"]
[Source "ChessBase"]
[SourceDate "2024.05.31"]
[SourceVersion "1"]
[SourceVersionDate "2024.05.31"]
[SourceQuality "1"]

1. e4 e5 2. Nf3 Nc6 3. Bc4 Bc5 4. c3 Nf6 5. d4 exd4 6. e5 d5 7. Bb5 Ne4 8. cxd4 Bb6 9. Nc3 Bg4 10. Be3 0-0 11. h3 Bf5 12. 0-0 Ne7 13. Nh4 c6 14. Bd3 Nxc3 15. bxc3 Bxd3 16. Qxd3 Ng6 17. Nf5 Bc7 18. f4 b6 19. Ng3 Qh4 20. Bd2 c5 21. f5 Nxe5 22. dxe5 Bxe5 23. Ne2 Rfe8 24. Bf4 Rad8 25. Rad1 Bf6 26. Qf3 d4 27. Kh2 Be5 28. Bxe5 Rxe5 29. cxd4 Red5 30. Rd3 cxd4 31. f6 g6 32. Qf4 Qxf4+ 33. Rxf4 R8d6 34. g4 h6 35. h4 g5 36. hxg5 hxg5 37. Rf2 Kh7 38. Ng3 Re6 39. Nh5 Kg6 40. Kg3 Ree5 41. Rfd2 Ra5 42. Rxd4 Re3+ 43. Kg2 Rea3 44. Kf2 Rxa2 45. Rxa2 Rxa2+ 46. Kf3 Ra3+ 47. Ke4 b5 48. Rd8 Ra4+ 49. Kf3 Ra3+ 50. Ke2 Ra2+ 51. Ke3 Ra3+ 52. Kd2 Ra2+ 53. Kc3 Ra4 54. Rg8+ Kh6 55. Ng7 Rxg4 56. Nf5+ Kh5 57. Ne7 Rf4 58. Nd5 Rh4 59. Rg7 b4+ 60. Kd3 Rh3+ 61. Ke4 Ra3 62. Rxf7 Ra6 63. Kf5 1-0

[Event "CHN-ch Gp-B (Women)"]
[Site "Liaocheng"]
[Date "2024.04.21"]
[Round "1"]
[White "Chen, Liyan"]
[Black "Sun, Jihan"]
[Result "0-1"]
[WhiteElo "1408"]
[BlackElo "1781"]
[PlyCount "58"]
[EventDate "2024.04.21"]
[EventType "swiss"]
[EventRounds "11"]
[EventCountry "CHN"]
[SourceTitle "CBM 219 Extra"]
[Source "ChessBase"]
[SourceDate "2024.05.31"]
[SourceVersion "1"]
[SourceVersionDate "2024.05.31"]
[SourceQuality "1"]

1. e4 c5 2. Nf3 Nc6 3. d4 cxd4 4. Nxd4 Nf6 5. Nc3 e5 6. Nb3 Bb4 7. Bd3 d5 8. exd5 Nxd5 9. Bd2 Nxc3 10. bxc3 Bd6 11. Qf3 0-0 12. 0-0 Be6 13. Qh5 f5 14. Bg5 Qc7 15. f3 Rae8 16. Rae1 Ne7 17. Be3 Nd5 18. g3 Nxe3 19. Rxe3 Bxb3 20. cxb3 Bc5 21. Rfe1 g6 22. Qg5 f4 23. Kg2 Bxe3 24. Bc4+ Kh8 25. Rd1 Qe7 26. Qg4 Rd8 27. Rxd8 Rxd8 28. Kh3 fxg3 29. hxg3 Qg5 0-1

[Event "Hohhot National op"]
[Site "Hohhot"]
[Date "2023.12.23"]
[Round "8"]
[White "Zhou, Yuxu"]
[Black "Sun, Jihan"]
[Result "1/2-1/2"]
[WhiteElo "1490"]
[BlackElo "1678"]
[PlyCount "98"]
[EventDate "2023.12.20"]
[EventType "swiss"]
[EventRounds "9"]
[EventCountry "CHN"]
[SourceTitle "CBM 217 Extra"]
[Source "ChessBase"]
[SourceDate "2024.01.31"]
[SourceVersion "1"]
[SourceVersionDate "2024.01.31"]
[SourceQuality "1"]

1. d4 d5 2. c4 c6 3. Nc3 Nf6 4. Nf3 dxc4 5. a4 Bf5 6. e3 e6 7. Bxc4 Bb4 8. 0-0 0-0 9. Qe2 Nbd7 10. e4 Bg6 11. Bd3 Bh5 12. e5 Nd5 13. Nxd5 cxd5 14. Qe3 Be7 15. Ne1 Rc8 16. a5 Nb8 17. Bd2 Nc6 18. Kh1 Bb4 19. Bxb4 Nxb4 20. Bb1 Qe7 21. f4 Bg6 22. Bxg6 hxg6 23. Qh3 f6 24. Nf3 Nc2 25. Nh4 Qf7 26. Rad1 fxe5 27. dxe5 g5 28. Nf3 g4 29. Qxg4 Ne3 30. Qh4 Qxf4 31. Qxf4 Rxf4 32. Rc1 Rcf8 33. Rg1 Ng4 34. h3 Nf2+ 35. Kh2 R4f5 36. Rc7 R8f7 37. Rgc1 Nd3 38. Rc8+ Kh7 39. R1c7 Nxe5 40. Nxe5 Rxc7 41. Rxc7 Rxe5 42. Rxb7 d4 43. Rd7 Rxa5 44. Rxd4 Kg6 45. g4 Rb5 46. b4 a5 47. bxa5 Rxa5 48. Rd3 Kf6 49. Kg3 g5 1/2-1/2

[Event "Hohhot National op"]
[Site "Hohhot"]
[Date "2023.12.22"]
[Round "6"]
[White "Fan, Jinxuan"]
[Black "Sun, Jihan"]
[Result "0-1"]
[WhiteElo "1434"]
[BlackElo "1678"]
[PlyCount "106"]
[EventDate "2023.12.20"]
[EventType "swiss"]
[EventRounds "9"]
[EventCountry "CHN"]
[SourceTitle "CBM 217 Extra"]
[Source "ChessBase"]
[SourceDate "2024.01.31"]
[SourceVersion "1"]
[SourceVersionDate "2024.01.31"]
[SourceQuality "1"]

1. e4 c5 2. Nf3 Nc6 3. d4 cxd4 4. Nxd4 Nf6 5. Nc3 e5 6. Ndb5 d6 7. Nd5 Nxd5 8. exd5 Nb8 9. a4 Be7 10. Be2 0-0 11. 0-0 Nd7 12. Kh1 a6 13. Na3 f5 14. f4 exf4 15. Bxf4 g5 16. Be3 Ne5 17. Nc4 Bf6 18. Bd4 Nxc4 19. Bxc4 Bd7 20. c3 Rc8 21. Bb3 Qe7 22. Bc2 f4 23. Qd3 Bxd4 24. Qxd4 Rce8 25. Kg1 Qe2 26. Rf2 Qe3 27. Rd1 Bf5 28. Bxf5 Rxf5 29. Qxe3 Rxe3 30. Rd4 Kg7 31. Rfd2 Rf7 32. Rb4 Kf6 33. Kf2 Kf5 34. Rb6 Rd7 35. Rb4 Re4 36. Rxe4 Kxe4 37. Rd4+ Ke5 38. Kf3 h5 39. Ke2 Re7 40. Kd3 Kf5 41. Rb4 g4 42. g3 f3 43. Rf4+ Kg6 44. c4 a5 45. c5 dxc5 46. Kc4 Rf7 47. Kd3 Rf5 48. d6 Rd5+ 49. Ke3 Rxd6 50. Rf8 Rf6 51. Rg8+ Kf7 52. Rb8 f2 53. Rxb7+ Kg6 0-1

[Event "Hohhot National op"]
[Site "Hohhot"]
[Date "2023.12.21"]
[Round "3"]
[White "Sun, Jihan"]
[Black "Xie, Chujun"]
[Result "1/2-1/2"]
[WhiteElo "1678"]
[BlackElo "1362"]
[PlyCount "109"]
[EventDate "2023.12.20"]
[EventType "swiss"]
[EventRounds "9"]
[EventCountry "CHN"]
[SourceTitle "CBM 217 Extra"]
[Source "ChessBase"]
[SourceDate "2024.01.31"]
[SourceVersion "1"]
[SourceVersionDate "2024.01.31"]
[SourceQuality "1"]

1. e4 e5 2. Bc4 Nc6 3. Nf3 Bc5 4. c3 d6 5. d4 exd4 6. cxd4 Bb4+ 7. Bd2 Bxd2+ 8. Nbxd2 Nge7 9. Ng5 d5 10. Qh5 g6 11. Qf3 0-0 12. exd5 Nxd4 13. Qc3 Nef5 14. Nge4 b5 15. Bd3 b4 16. Qxb4 Ba6 17. Qc3 Bxd3 18. Qxd3 c5 19. Nc4 Re8 20. 0-0-0 h5 21. f3 Kh8 22. Kb1 Kg7 23. d6 Ne6 24. g4 hxg4 25. fxg4 Nh6 26. Qc3+ f6 27. g5 Ng8 28. gxf6+ Nxf6 29. Rhf1 Rf8 30. Rxf6 Rxf6 31. Rf1 Nd4 32. Nxf6 Qh8 33. Ne4 Rf8 34. Re1 Rf3 35. Qa5 Qxh2 36. Qxc5 Qc2+ 37. Ka1 Qxe4 38. Qe5+ Qxe5 39. Nxe5 Rf8 40. Rc1 Ne6 41. Nc6 g5 42. a3 Rc8 43. b4 Nd8 44. b5 a6 45. a4 axb5 46. axb5 g4 47. Kb2 Kf6 48. Kb3 g3 49. Kb4 g2 50. Kc5 Ne6+ 51. Kb6 Rg8 52. Rg1 Nf4 53. d7 Ne6 54. Ka5 Nc5 55. d8Q+ 1/2-1/2

[Event "Belt and Road op-B 3rd"]
[Site "Qinhuangdao"]
[Date "2023.11.23"]
[Round "8"]
[White "Sun, Jihan"]
[Black "Fan, Jinxuan"]
[Result "1/2-1/2"]
[WhiteElo "1776"]
[BlackElo "1434"]
[PlyCount "76"]
[EventDate "2023.11.19"]
[EventType "swiss"]
[EventRounds "9"]
[EventCountry "CHN"]
[SourceTitle "CBM 217 Extra"]
[Source "ChessBase"]
[SourceDate "2024.01.31"]
[SourceVersion "1"]
[SourceVersionDate "2024.01.31"]
[SourceQuality "1"]

1. e4 c5 2. Nf3 Nc6 3. d4 cxd4 4. Nxd4 Qc7 5. Nc3 e6 6. Be2 a6 7. 0-0 Nf6 8. Be3 Bb4 9. Na4 Be7 10. Nxc6 bxc6 11. Nb6 Rb8 12. Nxc8 Qxc8 13. Bd4 c5 14. Be5 Rb6 15. Qd3 d6 16. Bc3 0-0 17. b3 Nd7 18. Rad1 Nf6 19. Rfe1 Rb8 20. a4 Rb6 21. f4 d5 22. exd5 Nxd5 23. Bd2 Rd6 24. Qf3 Bf6 25. Kh1 Qc7 26. Bc4 Ne7 27. g4 Nc6 28. g5 Nd4 29. Qe4 Bd8 30. Bc3 Qd7 31. Bd3 Qc6 32. Qxc6 Rxc6 33. b4 Be7 34. b5 axb5 35. axb5 Rb6 36. Ra1 Nxb5 37. Reb1 c4 38. Bxc4 Rc6 1/2-1/2

[Event "Belt and Road op-B 3rd"]
[Site "Qinhuangdao"]
[Date "2023.11.22"]
[Round "6"]
[White "Sun, Jihan"]
[Black "Zhou, Yuxu"]
[Result "0-1"]
[WhiteElo "1776"]
[BlackElo "1404"]
[PlyCount "72"]
[EventDate "2023.11.19"]
[EventType "swiss"]
[EventRounds "9"]
[EventCountry "CHN"]
[SourceTitle "CBM 217 Extra"]
[Source "ChessBase"]
[SourceDate "2024.01.31"]
[SourceVersion "1"]
[SourceVersionDate "2024.01.31"]
[SourceQuality "1"]

1. e4 c5 2. Nf3 d6 3. d4 cxd4 4. Nxd4 Nf6 5. Nc3 a6 6. Bc4 e6 7. Bb3 Nbd7 8. f4 Nc5 9. Qf3 b5 10. f5 b4 11. Na4 Nxb3 12. axb3 e5 13. Ne2 Bb7 14. Ng3 Rc8 15. c3 d5 16. exd5 Bxd5 17. Qe2 Bxb3 18. Qxe5+ Be7 19. 0-0 0-0 20. Kh1 Bd6 21. Qd4 Rc4 22. Qd3 Rg4 23. Re1 Qb8 24. Ne4 Rxe4 25. Rxe4 Nxe4 26. Qxe4 Bxa4 27. Bd2 Bb5 28. c4 Re8 29. Qd5 Re5 30. Qd3 Bd7 31. Rxa6 Qe8 32. Qg3 Bc6 33. h3 Re6 34. Qh4 Re2 35. Bf4 Bxg2+ 36. Kg1 Bc5+ 0-1

[Event "Tianjin Binhai Cup-B 3rd"]
[Site "Tianjin"]
[Date "2023.08.25"]
[Round "9"]
[White "Cai, Dawnn Xinhe"]
[Black "Sun, Jihan"]
[Result "0-1"]
[WhiteElo "1527"]
[BlackElo "1799"]
[PlyCount "56"]
[EventDate "2023.08.20"]
[EventType "swiss"]
[EventRounds "9"]
[EventCountry "CHN"]
[SourceTitle "CBM 216 Extra"]
[Source "ChessBase"]
[SourceDate "2023.11.30"]
[SourceVersion "1"]
[SourceVersionDate "2023.11.30"]
[SourceQuality "1"]

1. d4 d5 2. c4 c6 3. Nf3 Nf6 4. cxd5 cxd5 5. Nc3 Nc6 6. Bf4 a6 7. e3 Bg4 8. h3 Bxf3 9. Qxf3 e6 10. a3 h6 11. Bd3 Bd6 12. 0-0 0-0 13. Kh1 Rc8 14. g4 e5 15. dxe5 Nxe5 16. Bxe5 Bxe5 17. g5 hxg5 18. Rg1 Bxc3 19. bxc3 Ne4 20. Bxe4 dxe4 21. Qf5 Qf6 22. Qxe4 Rxc3 23. h4 gxh4 24. Rxg7+ Kxg7 25. Rg1+ Kh6 26. Rg4 Rc5 27. Rf4 Qc6 28. Rxh4+ Rh5 0-1

[Event "CHN-chT (Women)"]
[Site "Hangzhou"]
[Date "2023.05.23"]
[Round "5.3"]
[White "Hong, Xing"]
[Black "Sun, Jihan"]
[Result "1-0"]
[WhiteElo "1938"]
[BlackElo "1812"]
[PlyCount "69"]
[EventDate "2023.05.19"]
[EventType "team-swiss"]
[EventRounds "9"]
[EventCountry "CHN"]
[SourceTitle "CBM 214 Extra"]
[Source "ChessBase"]
[SourceDate "2023.07.31"]
[SourceVersion "1"]
[SourceVersionDate "2023.07.31"]
[SourceQuality "1"]
[WhiteTeam "Chongqing (W)"]
[BlackTeam "Hangzhou (W)"]
[WhiteTeamCountry "CHN"]
[BlackTeamCountry "CHN"]

1. c4 c6 2. Nf3 Nf6 3. e3 d5 4. Nc3 e6 5. Qc2 Nbd7 6. b3 Bd6 7. Bb2 e5 8. cxd5 cxd5 9. Nb5 Qe7 10. a4 a6 11. Nxd6+ Qxd6 12. Ba3 Qc6 13. Qb2 Qe6 14. Rc1 Ne4 15. Qc2 Qc6 16. Qxc6 bxc6 17. Rxc6 Bb7 18. Rc7 Rb8 19. d3 Nef6 20. Be2 Kd8 21. Rc1 Re8 22. Ng5 Nf8 23. Nxf7+ Kd7 24. Bxf8 Rxf8 25. Nxe5+ Kd6 26. f4 Ba8 27. Bd1 a5 28. Kd2 g5 29. Bc2 d4 30. Nc4+ Ke6 31. Rce1 gxf4 32. exf4+ Kf5 33. Re5+ Kxf4 34. Rf1+ Kg4 35. Bd1+ 1-0

[Event "CHN-ch sf (Women)"]
[Site "Hefei"]
[Date "2023.04.28"]
[Round "11"]
[White "Sun, Jihan"]
[Black "Zhao, Yunqing"]
[Result "1/2-1/2"]
[WhiteElo "1870"]
[BlackElo "1616"]
[PlyCount "93"]
[EventDate "2023.04.23"]
[EventType "swiss"]
[EventRounds "11"]
[EventCountry "CHN"]
[SourceTitle "CBM 214 Extra"]
[Source "ChessBase"]
[SourceDate "2023.07.31"]
[SourceVersion "1"]
[SourceVersionDate "2023.07.31"]
[SourceQuality "1"]

1. e4 c5 2. Nf3 e6 3. d4 cxd4 4. Nxd4 Nc6 5. Nc3 Qc7 6. Be2 a6 7. 0-0 Nf6 8. Be3 Bb4 9. Na4 Be7 10. Nxc6 bxc6 11. Nb6 Rb8 12. Nxc8 Qxc8 13. Bd4 c5 14. Be5 Rb6 15. Qd3 d6 16. Bc3 0-0 17. b3 d5 18. exd5 Nxd5 19. Be5 Rd8 20. Qc4 h6 21. a4 a5 22. Rad1 Bd6 23. Bb2 Qc7 24. Qg4 f5 25. Qh4 Be7 26. Qg3 Qxg3 27. hxg3 Kf7 28. Bc4 Bf6 29. Ba3 Bd4 30. c3 Nxc3 31. Bxc5 Nxd1 32. Rxd1 Bxc5 33. Rxd8 Kf6 34. Kf1 e5 35. f3 e4 36. Re8 e3 37. Rd8 Rd6 38. Rxd6+ Bxd6 39. Ke2 Bc5 40. f4 g5 41. Kf3 h5 42. Ke2 h4 43. fxg5+ Kxg5 44. gxh4+ Kxh4 45. Be6 Kg4 46. Bd7 Kg3 47. Bxf5 1/2-1/2

[Event "CHN-ch sf (Women)"]
[Site "Hefei"]
[Date "2023.04.27"]
[Round "9"]
[White "Sun, Jihan"]
[Black "Yang, Shufan"]
[Result "1-0"]
[WhiteElo "1870"]
[BlackElo "1282"]
[PlyCount "75"]
[EventDate "2023.04.23"]
[EventType "swiss"]
[EventRounds "11"]
[EventCountry "CHN"]
[SourceTitle "CBM 214 Extra"]
[Source "ChessBase"]
[SourceDate "2023.07.31"]
[SourceVersion "1"]
[SourceVersionDate "2023.07.31"]
[SourceQuality "1"]

1. e4 c5 2. Nc3 d6 3. d4 cxd4 4. Qxd4 a6 5. b3 Nf6 6. Bb2 Nc6 7. Qd2 e6 8. 0-0-0 b5 9. Qe2 Qc7 10. f4 Bb7 11. Nf3 Rc8 12. Kb1 Be7 13. g4 0-0 14. g5 Nd7 15. Bh3 Nc5 16. f5 exf5 17. Nd5 Qd8 18. exf5 f6 19. b4 Na4 20. Qe6+ Kh8 21. Bg4 Nxb2 22. Kxb2 fxg5 23. Nxe7 Nxe7 24. Rhe1 Bxf3 25. Bxf3 Qc7 26. c4 Nxf5 27. Bg4 g6 28. c5 dxc5 29. Rd7 Qxh2+ 30. Re2 Qf4 31. Re4 Qb8 32. Bxf5 Rxf5 33. Qe7 Rf2+ 34. Kb1 Rf1+ 35. Kb2 Rf2+ 36. Kb1 Rf1+ 37. Re1 Rxe1+ 38. Qxe1 1-0

[Event "CHN-ch sf (Women)"]
[Site "Hefei"]
[Date "2023.04.27"]
[Round "10"]
[White "Wang, Qinxuanyi"]
[Black "Sun, Jihan"]
[Result "1-0"]
[WhiteElo "1867"]
[BlackElo "1870"]
[PlyCount "81"]
[EventDate "2023.04.23"]
[EventType "swiss"]
[EventRounds "11"]
[EventCountry "CHN"]
[SourceTitle "CBM 214 Extra"]
[Source "ChessBase"]
[SourceDate "2023.07.31"]
[SourceVersion "1"]
[SourceVersionDate "2023.07.31"]
[SourceQuality "1"]

1. d4 d5 2. c4 c6 3. Nc3 Nf6 4. Nf3 dxc4 5. a4 Bf5 6. e3 e6 7. Bxc4 Bb4 8. 0-0 0-0 9. Qe2 Nbd7 10. e4 Bg6 11. Bd3 Bh5 12. Bf4 e5 13. dxe5 Ng4 14. Qc2 Re8 15. Be2 Qe7 16. Rad1 Rad8 17. Bg5 f6 18. exf6 gxf6 19. Bh4 Bg6 20. Qb3+ Kg7 21. h3 Nge5 22. Nxe5 Nxe5 23. f4 Bf7 24. Bxf6+ Qxf6 25. Qxb4 Rxd1 26. Nxd1 Ng6 27. Ne3 Nh4 28. e5 Qg6 29. f5 Qg5 30. Qg4 h6 31. e6 Bg8 32. f6+ Kf8 33. Qxg5 hxg5 34. f7 Bxf7 35. Rxf7+ Kg8 36. Rxb7 Kf8 37. Bh5 Rxe6 38. Rb3 Re5 39. g3 Nf5 40. Nxf5 Rxf5 41. Rf3 1-0

[Event "CHN-ch sf (Women)"]
[Site "Hefei"]
[Date "2023.04.26"]
[Round "7"]
[White "Sun, Jihan"]
[Black "Wang, Chuqiao"]
[Result "1/2-1/2"]
[WhiteElo "1870"]
[BlackElo "2022"]
[PlyCount "44"]
[EventDate "2023.04.23"]
[EventType "swiss"]
[EventRounds "11"]
[EventCountry "CHN"]
[SourceTitle "CBM 214 Extra"]
[Source "ChessBase"]
[SourceDate "2023.07.31"]
[SourceVersion "1"]
[SourceVersionDate "2023.07.31"]
[SourceQuality "1"]

1. e4 e5 2. Nf3 Nc6 3. d4 exd4 4. Nxd4 Nf6 5. Nxc6 bxc6 6. Bd3 d5 7. Qe2 dxe4 8. Nc3 Bb4 9. Bxe4 Nxe4 10. Qxe4+ Qe7 11. Qxe7+ Kxe7 12. Bd2 Re8 13. 0-0-0 Kf8 14. Bf4 Ba5 15. f3 Be6 16. a3 Rec8 17. Rhe1 Rab8 18. b4 Bb6 19. Na4 Bf2 20. Re2 Bb6 21. Ree1 Bf2 22. Re2 Bb6 1/2-1/2

[Event "CHN-ch sf (Women)"]
[Site "Hefei"]
[Date "2023.04.24"]
[Round "3"]
[White "Sun, Jihan"]
[Black "Gao, Muziyan"]
[Result "0-1"]
[WhiteElo "1870"]
[BlackElo "1374"]
[PlyCount "120"]
[EventDate "2023.04.23"]
[EventType "swiss"]
[EventRounds "11"]
[EventCountry "CHN"]
[SourceTitle "CBM 214 Extra"]
[Source "ChessBase"]
[SourceDate "2023.07.31"]
[SourceVersion "1"]
[SourceVersionDate "2023.07.31"]
[SourceQuality "1"]

1. e4 c5 2. Nf3 Nc6 3. d4 cxd4 4. Nxd4 Nf6 5. Nc3 d6 6. Bc4 g6 7. Nxc6 bxc6 8. e5 Ng8 9. Qf3 e6 10. exd6 Bd7 11. Ne4 Bg7 12. 0-0 h6 13. Bd2 Nf6 14. Bc3 Nxe4 15. Bxg7 Rh7 16. Qxe4 Rxg7 17. b4 Qf6 18. Ba6 Rb8 19. Rab1 Rb6 20. Be2 Rg8 21. a4 e5 22. f4 Qxd6 23. fxe5 Qd5 24. Qxd5 cxd5 25. Bf3 d4 26. Bd5 Rf8 27. b5 a6 28. bxa6 Rxa6 29. Rb8+ Ke7 30. Rb7 Kd8 31. Bxf7 Bf5 32. e6 Bxe6 33. Rb8+ Bc8 34. Rf4 Kc7 35. Rb1 Rxa4 36. Rbf1 g5 37. Rf6 Ra6 38. R6f2 Ra5 39. Rd2 Ba6 40. Rf6 Ra1+ 41. Kf2 Rf1+ 42. Kg3 Rxf6 43. Bd5 Rf4 44. h3 Kd6 45. Bf3 Kc5 46. Rd1 Re8 47. Ra1 Be2 48. Bb7 Re3+ 49. Kh2 Rc3 50. Ra2 Bc4 51. Rb2 Rf2 52. Be4 Bd5 53. Bxd5 Kxd5 54. Kg1 Rcxc2 55. Rb5+ Kc4 56. Rb8 Rxg2+ 57. Kf1 Rh2 58. Rc8+ Kd3 59. Rc7 Rc4 60. Rxc4 Rc2 0-1

[Event "China zt 3.5 (Women)"]
[Site "Shenzhen"]
[Date "2023.04.11"]
[Round "7"]
[White "Sun, Jihan"]
[Black "Ha, Yihan"]
[Result "1/2-1/2"]
[WhiteElo "1870"]
[BlackElo "1721"]
[PlyCount "73"]
[EventDate "2023.04.05"]
[EventType "swiss"]
[EventRounds "9"]
[EventCountry "CHN"]
[SourceTitle "CBM 213 Extra"]
[Source "ChessBase"]
[SourceDate "2023.05.31"]
[SourceVersion "1"]
[SourceVersionDate "2023.05.31"]
[SourceQuality "1"]

1. e4 e5 2. Nf3 Nc6 3. d4 exd4 4. Nxd4 Bc5 5. Nxc6 bxc6 6. Bc4 d6 7. 0-0 Ne7 8. Nc3 0-0 9. Na4 Bb6 10. Bg5 Be6 11. Bd3 f6 12. Bd2 Qd7 13. Nxb6 cxb6 14. a4 f5 15. f3 fxe4 16. fxe4 Ng6 17. Bb4 c5 18. Bc3 Qc6 19. e5 Nh4 20. Qe2 Bf5 21. Bb5 Qe4 22. Qxe4 Bxe4 23. exd6 Nxg2 24. Bc4+ Kh8 25. Rxf8+ Rxf8 26. d7 Nh4 27. Be2 Bxc2 28. Rf1 Rd8 29. Rf7 Nf5 30. Bg4 Nd4 31. Re7 Bxa4 32. b4 h5 33. bxc5 hxg4 34. Bxd4 bxc5 35. Bxc5 Rxd7 36. Rxd7 Bxd7 37. Bxa7 1/2-1/2

[Event "China zt 3.5 (Women)"]
[Site "Shenzhen"]
[Date "2023.04.08"]
[Round "4"]
[White "Hong, Xing"]
[Black "Sun, Jihan"]
[Result "0-1"]
[WhiteElo "1995"]
[BlackElo "1870"]
[PlyCount "128"]
[EventDate "2023.04.05"]
[EventType "swiss"]
[EventRounds "9"]
[EventCountry "CHN"]
[SourceTitle "CBM 213 Extra"]
[Source "ChessBase"]
[SourceDate "2023.05.31"]
[SourceVersion "1"]
[SourceVersionDate "2023.05.31"]
[SourceQuality "1"]

1. e4 c5 2. c3 d5 3. exd5 Qxd5 4. d4 Nf6 5. Nf3 e6 6. Be2 Nc6 7. Na3 cxd4 8. Nb5 Qd8 9. Nbxd4 Nxd4 10. Qxd4 Qxd4 11. Nxd4 Bc5 12. Nb3 Bb6 13. a4 a5 14. Nd2 0-0 15. Nc4 Bc7 16. Bf3 e5 17. 0-0 Be6 18. Be2 Nd5 19. Re1 Rad8 20. Bf1 Nf4 21. Bxf4 exf4 22. Rad1 g6 23. b4 b6 24. bxa5 bxa5 25. Rb1 Rb8 26. Na3 Rxb1 27. Rxb1 Rd8 28. h3 Be5 29. Rc1 Rd2 30. Bc4 Bf5 31. Nb5 Bf6 32. Nc7 Bh4 33. Rf1 Rc2 34. Nd5 Be6 35. Bd3 Ra2 36. Nxf4 Rxa4 37. g3 Bf6 38. Bb5 Ra3 39. c4 Bd4 40. Rd1 Bf6 41. Rf1 Bd4 42. Rd1 Bc5 43. Rd3 Ra1+ 44. Kg2 Bf5 45. Rd8+ Kg7 46. Re8 a4 47. g4 Bc2 48. Bc6 a3 49. Ra8 a2 50. g5 Bb3 51. Nd5 Re1 52. Nf6 Bf8 53. Ne8+ Rxe8 54. Bxe8 Bc5 55. Kf3 Bd4 56. Ke4 a1Q 57. Rxa1 Bxa1 58. c5 f5+ 59. gxf6+ Kxf6 60. c6 Be5 61. f4 Bc7 62. h4 Bc2+ 63. Kf3 Ke7 64. Bd7 h5 0-1

[Event "CHN-chT (Women)"]
[Site "Nanjing"]
[Date "2023.02.22"]
[Round "9.3"]
[White "Li, Zimeng"]
[Black "Sun, Jihan"]
[Result "0-1"]
[WhiteElo "1700"]
[BlackElo "1578"]
[PlyCount "86"]
[EventDate "2023.02.14"]
[EventType "team-swiss"]
[EventRounds "9"]
[EventCountry "CHN"]
[SourceTitle "CBM 212 Extra"]
[Source "ChessBase"]
[SourceDate "2023.03.31"]
[SourceVersion "1"]
[SourceVersionDate "2023.03.31"]
[SourceQuality "1"]
[WhiteTeam "Hebei (W)"]
[BlackTeam "Tianjin (W)"]
[WhiteTeamCountry "CHN"]
[BlackTeamCountry "CHN"]

1. e4 c5 2. Nf3 Nc6 3. d4 cxd4 4. Nxd4 Nf6 5. Nc3 e5 6. Ndb5 d6 7. Bg5 a6 8. Na3 b5 9. Nd5 Be7 10. Bxf6 Bxf6 11. c3 Bg5 12. Nc2 Rb8 13. b3 0-0 14. h4 Bh6 15. g4 Bf4 16. Qf3 Be6 17. Nxf4 Qf6 18. g5 Qxf4 19. Qxf4 exf4 20. 0-0-0 Rfd8 21. Bh3 Ne5 22. Nd4 Bxh3 23. Rxh3 d5 24. exd5 Rxd5 25. Ne2 Rxd1+ 26. Kxd1 Rd8+ 27. Kc2 f3 28. Nd4 Rd6 29. Nxf3 Ng4 30. Nd2 Nxf2 31. Rg3 Rxd2+ 32. Kxd2 Ne4+ 33. Ke3 Nxg3 34. Kd4 Ne2+ 35. Kd3 Nc1+ 36. Kc2 Nxa2 37. Kb2 Nxc3 38. Kxc3 a5 39. Kd4 f5 40. gxf6 gxf6 41. Kc5 a4 42. bxa4 bxa4 43. Kb4 f5 0-1